000 00736cab a22002295a 4500
001 L154538
008 111220e20111020xxk 000 0 eng d
035 _a(Sirsi) u154538
041 0 _aeng
100 1 _aStothart, Chloe
245 0 0 _aPrepare to launch
260 _c2011
490 _aConstruction News
_v(7246) 15 December, 38-39(2)
520 _aAsks how do you introduce BIM into your business and considers the key stages. Implementation, big bang or cascade, BIM training, strategy and projects, and recommended first steps to take.
590 _aKA
650 2 4 _aBUILDING INFORMATION MODELLING
650 2 4 _aBIM
_96219
651 4 _aUnited Kingdom
_y
651 4 _aInternational
690 _aBIM
_96219
942 _n0
999 _c83655
_d83655